[Event "Sunnyvale 1000 GM Thanksgiving IM2"]
[Site "Sunnyvale"]
[Date "2023.11.24"]
[Round "5"]
[White "Qin, Vincent1"]
[Black "Rey Malde, Henrique"]
[Result "0-1"]
[WhiteElo "1875"]
[BlackElo "2207"]
[PlyCount "88"]
[EventDate "2023.11.22"]
[EventType "schev"]
[EventRounds "9"]
[EventCountry "USA"]
[SourceTitle "CB48_2023"]
[SourceDate "2023.11.29"]
[SourceVersion "1"]
[SourceVersionDate "2023.11.29"]
[SourceQuality "1"]

1. e4 c5 2. Nf3 d6 3. d4 cxd4 4. Nxd4 Nf6 5. Nc3 Nc6 6. Bg5 e6 7. Qd2 a6 8. 0-0-0 Bd7 9. f4 Be7 10. Nf3 b5 11. e5 b4 12. exf6 bxc3 13. Qxc3 gxf6 14. Bh4 Rg8 15. Kb1 Rb8 16. h3 h5 17. Bd3 d5 18. Rdg1 Nb4 19. g4 hxg4 20. Rxg4 Rf8 21. Rg7 Nxd3 22. cxd3 Rb4 23. Nd4 Qb6 24. Ne2 d4 25. Qd2 a5 26. Rhg1 Bc6 27. Rg8 Bd5 28. Nc1 a4 29. Qc2 a3 30. b3 Qb7 31. Ka1 Rb6 32. Ne2 Rc6 33. Rxf8+ Kxf8 34. Qb1 Qb4 35. Be1 Qc5 36. Bh4 Bf3 37. Rc1 Qh5 38. Rxc6 Bxc6 39. Qe1 Qf3 40. Nxd4 Qxd3 41. Bf2 Be4 42. h4 e5 43. fxe5 fxe5 44. Nb5 Qc2 0-1

[Event "ESP-chT CECLUB Div1"]
[Site "Linares"]
[Date "2023.08.23"]
[Round "4.4"]
[White "Camarena Gimenez, Rufino"]
[Black "Rey Malde, Henrique"]
[Result "1/2-1/2"]
[WhiteElo "2308"]
[BlackElo "2195"]
[PlyCount "78"]
[EventDate "2023.08.20"]
[EventType "team-tourn"]
[EventRounds "7"]
[EventCountry "ESP"]
[SourceTitle "CBM 215 Extra"]
[Source "ChessBase"]
[SourceDate "2023.09.30"]
[SourceVersion "1"]
[SourceVersionDate "2023.09.30"]
[SourceQuality "1"]
[WhiteTeam "Xeraco CE"]
[BlackTeam "Ourense"]
[WhiteTeamCountry "ESP"]
[BlackTeamCountry "ESP"]

1. d4 Nf6 2. c4 e6 3. Nf3 d5 4. g3 dxc4 5. Bg2 Bd7 6. Ne5 Nc6 7. Nxc4 Bb4+ 8. Bd2 Be7 9. e3 0-0 10. Nc3 Rb8 11. 0-0 Be8 12. Ne2 Nb4 13. a3 Nbd5 14. Rc1 Bb5 15. b4 Qe8 16. e4 Nb6 17. Nxb6 cxb6 18. Bc3 Qd7 19. Qd2 Rfd8 20. Rfe1 Rbc8 21. h3 Bc4 22. Qe3 Qa4 23. Bb2 a5 24. bxa5 bxa5 25. Rc3 Qb5 26. Qc1 Qa6 27. Qe3 Qb5 28. Qc1 Qa6 29. Qe3 b5 30. Rec1 b4 31. axb4 Bxb4 32. R3c2 a4 33. Nf4 Bb3 34. Rxc8 Rxc8 35. d5 Rxc1+ 36. Qxc1 Qc4 37. Qa1 exd5 38. Bxf6 gxf6 39. Qxf6 Qc3 1/2-1/2

[Event "Monteolivete op 3rd"]
[Site "Alboraia"]
[Date "2023.07.17"]
[Round "1"]
[White "Rey Malde, Henrique"]
[Black "Garcia Ramos, Daniel"]
[Result "0-1"]
[WhiteElo "2262"]
[BlackElo "2462"]
[PlyCount "114"]
[EventDate "2023.07.17"]
[EventType "swiss"]
[EventRounds "9"]
[EventCountry "ESP"]
[SourceTitle "CBM 215 Extra"]
[Source "ChessBase"]
[SourceDate "2023.09.30"]
[SourceVersion "1"]
[SourceVersionDate "2023.09.30"]
[SourceQuality "1"]

1. e4 c6 2. d4 d5 3. e5 Bf5 4. h4 h5 5. Bd3 Bxd3 6. Qxd3 Qa5+ 7. Nd2 e6 8. Ngf3 Nh6 9. 0-0 Nf5 10. Nb3 Qa6 11. Qd1 Nd7 12. a4 Rc8 13. c3 c5 14. dxc5 Bxc5 15. Nbd4 Bxd4 16. cxd4 0-0 17. b4 Rc4 18. b5 Qa5 19. Bd2 Qc7 20. Be3 Rc3 21. Bd2 Rc2 22. Rc1 Rc8 23. Rxc2 Qxc2 24. Qxc2 Rxc2 25. Rc1 Rxc1+ 26. Bxc1 Nb6 27. a5 Nc4 28. a6 bxa6 29. bxa6 Kf8 30. Kf1 Ke8 31. Ke2 Kd7 32. Kd3 f6 33. exf6 gxf6 34. Nd2 Nxd2 35. Bxd2 Nxh4 36. g3 Nf5 37. Bb4 Kc6 38. Bc5 e5 39. Bxa7 e4+ 40. Kc3 Kb5 41. Bb8 Kxa6 42. Bc7 Kb5 43. Bd8 e3 44. fxe3 Nxg3 45. Kd3 h4 46. Bc7 Kb4 47. Bb8 f5 48. Bc7 Kb3 49. Bb8 Ne4 50. Ke2 Kc2 51. Kf3 h3 52. Ke2 Nf6 53. Kf3 Ng4 54. Bg3 Kd3 55. Be5 h2 56. Bxh2 Nxh2+ 57. Kf4 Ng4 0-1

[Event "Pontevedra op-A 10th"]
[Site "Pontevedra"]
[Date "2022.07.27"]
[Round "6"]
[White "Rey Malde, Henrique"]
[Black "Vidal del Rio, Diego"]
[Result "1-0"]
[WhiteElo "2297"]
[BlackElo "2041"]
[PlyCount "77"]
[EventDate "2022.07.24"]
[EventType "swiss"]
[EventRounds "9"]
[EventCountry "ESP"]
[SourceTitle "EXT 2023"]
[Source "ChessBase"]
[SourceDate "2022.10.05"]
[SourceVersion "1"]
[SourceVersionDate "2022.10.05"]
[SourceQuality "1"]

1. e4 c5 2. Nf3 Nc6 3. d4 cxd4 4. Nxd4 Nf6 5. Nc3 e5 6. Ndb5 d6 7. Bg5 a6 8. Na3 b5 9. Bxf6 gxf6 10. Nd5 Bg7 11. g3 0-0 12. Bg2 Ne7 13. c3 Be6 14. Nxe7+ Qxe7 15. 0-0 Rad8 16. Nc2 f5 17. Nb4 Qd7 18. exf5 Bxf5 19. a4 Be6 20. Bc6 Qc8 21. axb5 axb5 22. Bxb5 d5 23. Nc6 Rd7 24. Na7 Qb7 25. Bc6 Qxb2 26. Bxd7 Bxd7 27. Qxd5 Bh3 28. Rfd1 Qxc3 29. Rac1 Qb2 30. Nc6 Re8 31. Nd8 Re7 32. Rb1 Qc2 33. Rdc1 Qg6 34. Rb8 Bf8 35. Nc6 Rd7 36. Qxd7 Bxd7 37. Ne7+ Kg7 38. Nxg6 hxg6 39. Re1 1-0

[Event "Benidorm op-A"]
[Site "Benidorm"]
[Date "2021.12.07"]
[Round "4"]
[White "Rey Malde, Henrique"]
[Black "Granero Roca, Antonio"]
[Result "0-1"]
[WhiteElo "2274"]
[BlackElo "2352"]
[PlyCount "98"]
[EventDate "2021.12.04"]
[EventType "swiss"]
[EventRounds "9"]
[EventCountry "ESP"]
[SourceTitle "CBM 205 Extra"]
[Source "ChessBase"]
[SourceDate "2022.01.31"]
[SourceVersion "1"]
[SourceVersionDate "2022.01.31"]
[SourceQuality "1"]

1. e4 e5 2. Nf3 Nc6 3. Bb5 a6 4. Ba4 Nf6 5. d3 d6 6. c3 g6 7. 0-0 Bg7 8. h3 b5 9. Bc2 0-0 10. Be3 Re8 11. Nbd2 h6 12. Re1 d5 13. Qc1 Kh7 14. Nf1 Be6 15. Ng3 Qd7 16. a4 d4 17. cxd4 exd4 18. Bf4 Nb4 19. Bb1 bxa4 20. Qc5 Qb5 21. Rc1 Nd7 22. Qxb5 axb5 23. Rxc7 Rec8 24. Ne2 Rxc7 25. Bxc7 Rc8 26. Bd6 Nc2 27. Bxc2 Rxc2 28. Nexd4 Rxb2 29. Ba3 Bxd4 30. Nxd4 Rd2 31. Nxb5 Rxd3 32. Be7 Bb3 33. Na3 g5 34. Kf1 Rd2 35. Ke1 Rd4 36. f3 Ne5 37. Bf6 Nd3+ 38. Kf1 Rd6 39. Bc3 Nf4 40. h4 Rd3 41. Bf6 Kg6 42. hxg5 hxg5 43. Be7 Rd2 44. Rc1 Rxg2 45. Rc6+ Be6 46. Ra6 Ra2 47. Bc5 Kh5 48. Be7 Rxa3 49. Bxa3 Bc4+ 0-1

[Event "DEN-chB"]
[Site "Svendborg"]
[Date "2021.10.19"]
[Round "2"]
[White "Rey Malde, Henrique"]
[Black "Jensen, Bjarke"]
[Result "1/2-1/2"]
[WhiteElo "2260"]
[BlackElo "2349"]
[PlyCount "66"]
[EventDate "2021.10.18"]
[EventType "swiss"]
[EventRounds "7"]
[EventCountry "DEN"]
[SourceTitle "EXT 2023"]
[Source "ChessBase"]
[SourceDate "2022.10.05"]
[SourceVersion "1"]
[SourceVersionDate "2022.10.05"]
[SourceQuality "1"]

1. e4 c6 2. d4 d5 3. e5 Bf5 4. h4 Qc8 5. Nc3 h6 6. Be3 e6 7. g4 Bh7 8. h5 Nd7 9. f4 c5 10. Nf3 c4 11. f5 Bb4 12. Bh3 Qc6 13. Qd2 Ne7 14. fxe6 fxe6 15. 0-0 0-0-0 16. a3 Bxc3 17. Qxc3 Rde8 18. Rf2 g6 19. Nh4 gxh5 20. gxh5 Be4 21. Kh2 Rhg8 22. Rg1 Rxg1 23. Kxg1 Rg8+ 24. Kh2 Nf5 25. Nxf5 exf5 26. Qb4 Qe6 27. Qd6 Qxd6 28. exd6 Nf6 29. Bxh6 Kd7 30. Bf4 Nxh5 31. Be5 Ke6 32. c3 Nf6 33. Rf1 Rg5 1/2-1/2

[Event "Braganca op 2nd"]
[Site "Braganca"]
[Date "2021.08.20"]
[Round "2"]
[White "Niemann, Hans Moke"]
[Black "Rey Malde, Henrique"]
[Result "1/2-1/2"]
[WhiteElo "2606"]
[BlackElo "2257"]
[PlyCount "94"]
[EventDate "2021.08.19"]
[EventType "swiss"]
[EventRounds "9"]
[EventCountry "POR"]
[SourceTitle "CBM 204 Extra"]
[Source "ChessBase"]
[SourceDate "2021.11.30"]
[SourceVersion "1"]
[SourceVersionDate "2021.11.30"]
[SourceQuality "1"]

1. d4 Nf6 2. c4 g6 3. Nc3 Bg7 4. e4 d6 5. Be2 0-0 6. Nf3 e5 7. 0-0 Nc6 8. d5 Ne7 9. b4 a5 10. bxa5 Rxa5 11. a4 Ne8 12. Ba3 b6 13. Bb4 Ra8 14. a5 c5 15. dxc6 Nxc6 16. Ba3 Rxa5 17. Nb5 Be6 18. Qd3 Ra4 19. Qb3 Qa8 20. Rfd1 h6 21. h3 Kh7 22. Bf1 Ra5 23. Rab1 Nd4 24. Nfxd4 exd4 25. Qd3 Ra4 26. Bb4 Nf6 27. Nxd6 Nd7 28. f4 Nc5 29. Qg3 Nxe4 30. Nxe4 Qxe4 31. Bxf8 Bxf8 32. Rxb6 Bxc4 33. Bxc4 Rxc4 34. Re1 Qd5 35. Re5 Rc1+ 36. Kh2 Qc4 37. Rb7 Bd6 38. Ra5 Rf1 39. Raa7 Rxf4 40. Rb6 Rg4 41. Qxd6 Rxg2+ 42. Kxg2 Qe2+ 43. Kg3 Qe3+ 44. Kg4 Qg5+ 45. Kf3 Qe3+ 46. Kg4 Qg5+ 47. Kf3 Qe3+ 1/2-1/2

[Event "ESP-ch 84th"]
[Site "Marbella"]
[Date "2019.11.22"]
[Round "7"]
[White "Suarez Uriel, Adrian"]
[Black "Rey Malde, Henrique"]
[Result "1-0"]
[WhiteElo "2389"]
[BlackElo "2209"]
[PlyCount "87"]
[EventDate "2019.11.16"]
[EventType "swiss"]
[EventRounds "9"]
[EventCountry "ESP"]
[SourceTitle "CBM 193 Extra"]
[Source "ChessBase"]
[SourceDate "2020.01.31"]
[SourceVersion "1"]
[SourceVersionDate "2020.01.31"]
[SourceQuality "1"]

1. Nf3 d6 2. d4 Nf6 3. c4 Nbd7 4. Nc3 e5 5. g3 c6 6. Bg2 e4 7. Nh4 d5 8. cxd5 cxd5 9. 0-0 Bb4 10. Qb3 Bxc3 11. bxc3 0-0 12. Ba3 Re8 13. Nf5 Nb6 14. Nd6 Nc4 15. Nxe8 Qxe8 16. Bc1 h6 17. Bf4 b6 18. h3 g5 19. Bc1 Bd7 20. a4 Rc8 21. Ra2 Kg7 22. Qd1 Na5 23. f4 g4 24. f5 Nc4 25. Bf4 Kh7 26. e3 Qg8 27. Qe2 h5 28. Be5 Qg5 29. h4 Qh6 30. Qf2 Rc6 31. Re1 Qf8 32. Qf4 Qh6 33. Qg5 Qxg5 34. hxg5 Ne8 35. Rf2 f6 36. gxf6 Nxf6 37. Bf1 Kg7 38. Rh2 Be8 39. Rb1 Bf7 40. Bxc4 Rxc4 41. a5 bxa5 42. Ra2 a4 43. Rb7 a5 44. Rb6 1-0

[Event "ESP-ch 84th"]
[Site "Marbella"]
[Date "2019.11.17"]
[Round "2"]
[White "Espinosa Aranda, Angel"]
[Black "Rey Malde, Henrique"]
[Result "1-0"]
[WhiteElo "2511"]
[BlackElo "2209"]
[PlyCount "47"]
[EventDate "2019.11.16"]
[EventType "swiss"]
[EventRounds "9"]
[EventCountry "ESP"]
[SourceTitle "CBM 193 Extra"]
[Source "ChessBase"]
[SourceDate "2020.01.31"]
[SourceVersion "1"]
[SourceVersionDate "2020.01.31"]
[SourceQuality "1"]

1. e4 c5 2. Ne2 d6 3. g3 g6 4. Bg2 Bg7 5. c3 Nc6 6. d4 cxd4 7. cxd4 Nf6 8. Nbc3 0-0 9. 0-0 Bd7 10. h3 Rc8 11. Be3 a6 12. Qd2 Re8 13. Rac1 b5 14. b3 e5 15. dxe5 dxe5 16. Bg5 Ne7 17. Rfd1 Be6 18. Nd5 Nexd5 19. exd5 Bd7 20. d6 Qb6 21. Rc7 Rxc7 22. dxc7 Bc8 23. Qd8 Qe6 24. Rd6 1-0

[Event "Figueira da Foz op 13th"]
[Site "Figueira da Foz"]
[Date "2019.11.02"]
[Round "8"]
[White "Jakubowski, Krzysztof"]
[Black "Rey Malde, Henrique"]
[Result "1-0"]
[WhiteElo "2494"]
[BlackElo "2209"]
[PlyCount "81"]
[EventDate "2019.10.27"]
[EventType "swiss"]
[EventRounds "9"]
[EventCountry "POR"]
[SourceTitle "CBM 192 Extra"]
[Source "Chessbase"]
[SourceDate "2019.11.06"]
[SourceVersion "1"]
[SourceVersionDate "2019.11.06"]
[SourceQuality "1"]

1. c4 d6 2. g3 e5 3. Bg2 Nf6 4. Nc3 c6 5. e4 Be7 6. Nge2 0-0 7. d4 Nbd7 8. 0-0 h6 9. h3 a5 10. Be3 exd4 11. Nxd4 Nc5 12. Qc2 Re8 13. Rad1 Qc7 14. g4 Bf8 15. Rd2 Ne6 16. Nf5 Nc5 17. Ng3 Be6 18. Nce2 Rad8 19. g5 hxg5 20. Bxg5 Be7 21. Nd4 Nh7 22. Be3 Bf6 23. Rfd1 g6 24. f4 Bg7 25. Nde2 b6 26. Bd4 Bc8 27. Bxg7 Kxg7 28. Qc3+ Kg8 29. Nd4 Ne6 30. Nxe6 Bxe6 31. b3 Bc8 32. Rd3 Bb7 33. h4 Qe7 34. h5 Nf6 35. hxg6 fxg6 36. f5 Ng4 37. fxg6 Qh4 38. Nf5 Qh2+ 39. Kf1 Re5 40. Rg3 Nf6 41. Qxe5 1-0

[Event "Figueira da Foz op 13th"]
[Site "Figueira da Foz"]
[Date "2019.10.31"]
[Round "5"]
[White "Rey Malde, Henrique"]
[Black "Silva, Mariana Sofia Teixe"]
[Result "1-0"]
[WhiteElo "2209"]
[BlackElo "1880"]
[PlyCount "65"]
[EventDate "2019.10.27"]
[EventType "swiss"]
[EventRounds "9"]
[EventCountry "POR"]
[SourceTitle "CBM 192 Extra"]
[Source "Chessbase"]
[SourceDate "2019.11.06"]
[SourceVersion "1"]
[SourceVersionDate "2019.11.06"]
[SourceQuality "1"]

1. e4 c5 2. Nf3 g6 3. d4 cxd4 4. Qxd4 Nf6 5. e5 Nc6 6. Qa4 Nd5 7. Qe4 Nb6 8. Bf4 Bg7 9. Nc3 0-0 10. 0-0-0 d6 11. Qe3 Bf5 12. Bh6 Re8 13. Bxg7 Kxg7 14. Bb5 Qc7 15. exd6 exd6 16. Qf4 Rad8 17. g4 Be6 18. h4 Qe7 19. h5 Rh8 20. Bxc6 bxc6 21. Rde1 Qf8 22. Qd4+ Kg8 23. Ne4 Nd5 24. c4 c5 25. Qd2 Bxg4 26. cxd5 f5 27. Neg5 h6 28. Ne6 Qf6 29. Nxd8 Bxf3 30. Re8+ Kh7 31. hxg6+ Qxg6 32. Rxh8+ Kxh8 33. Rxh6+ 1-0

[Event "Sanxenxo Carlos op 11th"]
[Site "Sanxenxo"]
[Date "2019.06.28"]
[Round "7"]
[White "Medarde Santiago, Luis Marcos"]
[Black "Rey Malde, Henrique"]
[Result "1/2-1/2"]
[WhiteElo "2340"]
[BlackElo "2196"]
[PlyCount "60"]
[EventDate "2019.06.22"]
[EventType "swiss"]
[EventRounds "9"]
[EventCountry "ESP"]
[SourceTitle "CBM 191 Extra"]
[Source "ChessBase"]
[SourceDate "2019.09.30"]
[SourceVersion "1"]
[SourceVersionDate "2019.09.30"]
[SourceQuality "1"]

1. e4 c5 2. Nf3 Nc6 3. d4 cxd4 4. Nxd4 Nf6 5. Nc3 e5 6. Ndb5 d6 7. a4 a6 8. Na3 Be6 9. Bc4 Be7 10. 0-0 0-0 11. Be3 Rc8 12. Qb1 Nd4 13. Bd3 d5 14. exd5 Nxd5 15. Nxd5 Qxd5 16. Bxh7+ Kh8 17. Bd3 f5 18. Qd1 Qd7 19. c3 Nb3 20. Qh5+ Kg8 21. Rad1 Qxa4 22. Nb1 Nc5 23. Bxc5 Bxc5 24. Qe2 Bb3 25. Rc1 e4 26. Bc2 Rcd8 27. Bxb3+ Qxb3 28. Nd2 Qf7 29. b4 Ba7 30. Nc4 Qe6 1/2-1/2